歴代インドネシア大統領 - Statistics

General Stats
  • This quiz has been taken 38 times
  • The average score is 2 of 8
Answer Stats
代数 大統領 在任期間 % Correct
第1代 スカルノ 1945月8日18日~1967年3月12日
97%
第2代 スハルト 1967年3月12日~1998年5月12日
66%
第7代 ジョコ・ウィドド 2014年10月20日~2024年10月20日
40%
第6代 スシロ・バンバン・ユドヨノ 2004年10月20日~2014年10月20日
11%
第3代 ユスフ・ハビビ 1998年5月12日~1990年10月20日
6%
第5代 メガワティ・スカルノプトゥリ 2001年7月23日~2004年10月20日
6%
第4代 アブドゥルラフマン・ワヒド 1999年10月20日~2001年7月23日
3%
第8代 プラボウォ・スビアント 2024月10日20日~現在
3%
No matching quizzes found
Score Distribution
Percent of People with Each Score
Percentile by Number Answered
Your Score History
You have not taken this quiz